000 00300nam a22001337a 4500
008 180924b xxu||||| |||| 00| 0 eng d
020 _a0691021910
041 _aeng
080 _a316
100 _a50
101 _aSOC
245 _aWomen in Western Political Thought
_cOkin, S.M
942 _2udc
_cBK
999 _c48375
_d48375